Former names of cities 1 - Statistics

General Stats
  • This quiz has been taken 98 times
  • The average score is 10 of 15
Answer Stats
Hint Answer % Correct
Constantinople Istanbul
94%
Leningrad St Petersburg
94%
New Amsterdam New York
93%
Tenochtitlan Mexico City
86%
Edo Tokyo
84%
Christiania Oslo
78%
Astana Nursultan
63%
Aquae Sulis Bath
62%
Batavia Jakarta
61%
Lutetia Paris
58%
Canton Guangzhou
53%
Salisbury Harare
40%
Knossos Heraklion
36%
Godthaab Nuuk
33%
Benares Varanasi
16%
No matching quizzes found
Score Distribution
Percent of People with Each Score
Percentile by Number Answered
Your Score History
You have not taken this quiz